000 00414nam a22001697a 4500
005 20160617171852.0
008 160617b xxu||||| |||| 00| 0 eng d
020 _a81-7660-117-0
041 _aeng
082 _b8057
100 _aSarwati, Dr. Dilip M
_92136
245 _aEnterprineurship development and Project Management
260 _bEPH
_c2004
300 _a166
650 _aManagement
_9241
942 _cBK
999 _c3026
_d3025